00680 2200229 4500001002100000005001500021035002000036007000300056008004100059020002200100082001000122084001600132100001700148245013400165260002700299300002800326650002600354700001900380504002900399990001100428990001100439INLIS00000000000444320191114094433 a0010-1119000070ta191114 g 0 ind  a978-602-0899-18-3 a371.6 a371.6 NOE p0 aNOER, Rohman1 aPengantar Manajemen Pendidikan :bKonsep dan aplikasi fungsi manajemen pendidikan perspektif islam /cNoer Rohman;Zaenal Fanani ; aJatim :bMadani,c2017 axii, 250 hlm. ;c23 cm. 4aPENDIDIKAN. MANAJEMEN0 aZAENAL, Fanani aBibliografi: hlm.243-250 a7090 a a7090 b